=LDR 00000nam 2200000 4500 =001 INLIS000000000028727 =005 20130612131018 =008 ***********************************Ind** =035 ##$$0010-061300000028727 =041 ##$$a Ind =082 ##$$a 535 =090 ##$$a 535, Woo j =100 ##$$a Woodford, Chris =245 ##$$a Jejak sejarah sains, Cahaya, Chris Woodford ; Alih Bahasa, Andri Setyawan =260 ##$$a 2006 $b Jakarta =300 ##$$a 40 hlm., ilus., 25 cm =650 ##$$a Cahaya =700 ##$$a Setyawan, Andri =850 ##$$a NBPNMAT